| 000 | 00379nam a2200133Ia 4500 | ||
|---|---|---|---|
| 008 | 210210b1961 xxu||||| |||| 00| 0 eng d | ||
| 082 | _a302.35 ETZC | ||
| 100 | _aETZIONI (Amitai). | ||
| 245 | _aComplex organizations a sociological reader. | ||
| 260 |
_aNew York. _bHolt, Rinehart and Winston, Inc., _c1961 |
||
| 300 | _axiv,497 | ||
| 690 | _aSocial Interaction | ||
| 906 | _a041826 | ||
| 999 |
_c91660 _d91660 |
||